00542nam a22001817a 450000500170000001000230001702000260004003500140006603700300008003700090011008200110011910000230013024500700015325000060022326000410022927000550027030000350032520260323163609.0 aBACEN25 ENG-148144 a9789363865549c899.00 aEN-131676 bInternational Book Center bDBAD a00527 aHorstmann, Cay S.  aProgramming with Java: Beginner to Advanced/cBy Cay S. Horstmann a7 aNew Delhic2025bWiley India Pvt Ltd bNew Delhia4436/7, Ansari Road, Darya Ganje110002 axxxvii,909p.c24cm (pb)bIndex